| 000 | 00767cam a22002415a 4500 | ||
|---|---|---|---|
| 001 | 16520399 | ||
| 005 | 20170426154953.0 | ||
| 008 | 101027s2010 enka frb f001 0 eng d | ||
| 020 | _a9780199573400 | ||
| 040 |
_aUKM _beng _cUKM _dBTCTA _dYDXCP _dBWK _dITJCU _dDLC _dEG-ScBUE |
||
| 082 | 0 | 4 |
_a321.07 _bSAR _222 |
| 100 | 1 |
_aSargent, Lyman Tower, _d1940- |
|
| 245 | 1 | 0 |
_aUtopianism : _ba very short introduction / _cby Lyman Tower Sargent. |
| 260 |
_aOxford : _bOxford University Press, _c2010. |
||
| 300 |
_axiv, 145 p. : _bill. ; _c18 cm. |
||
| 490 | 0 |
_aVery short introductions ; _v246 |
|
| 500 | _aIndex : p. 143-145. | ||
| 504 | _aBibliography : p. 129-142. | ||
| 650 | 7 |
_aUtopias. _2BUEsh _933499 |
|
| 651 | _2BUEsh | ||
| 653 |
_bHHUUPPSS _cApril2017 |
||
| 942 | _2ddc | ||
| 999 |
_c24719 _d24691 |
||